Giáo trình Lập trình Android : Giáo trình cho bậc đại học ngành công nghệ thông tin

Giáo trình giới thiệu tổng quan về lập trình Android, mô tả cách thiết kế layouts và UI. Trình bày các yếu tố cơ bản của lập trình di động gồm: Tương tác sự kiện, content provider và intent filter; cách thức xây dựng ứng dụng quản lý thông ti...

ver descrição completa

Na minha lista:
Detalhes bibliográficos
Autor principal: Lê Hoàng Sơn (Chủ biên)
Outros Autores: Nguyễn Thọ Thông
Formato: Livro
Idioma:Vietnamese
Publicado em: H. Xây dựng 2020
Edição:Tái bản
Assuntos:
Tags: Adicionar Tag
Sem tags, seja o primeiro a adicionar uma tag!
Thư viện lưu trữ: Thư viện Trường Đại học Nam Cần Thơ
LEADER 01459nam a22002297a 4500
001 NCT_92631
008 211122b xxu||||| |||| 00| 0 vie d
999 |c 4581  |d 4581 
020 |a 9786048231521  |c 73000 
082 0 4 |2 23rd ed.  |a 005.258  |b S464 
100 1 |a Lê Hoàng Sơn  |e Chủ biên 
245 1 0 |a Giáo trình Lập trình Android :  |b Giáo trình cho bậc đại học ngành công nghệ thông tin  |c Lê Hoàng Sơn (Chủ biên); Nguyễn Thọ Thông 
250 |a Tái bản 
260 |a H.  |b Xây dựng  |c 2020 
300 |a 128 tr.  |b Minh họa   |c 27cm 
520 3 |a Giáo trình giới thiệu tổng quan về lập trình Android, mô tả cách thiết kế layouts và UI. Trình bày các yếu tố cơ bản của lập trình di động gồm: Tương tác sự kiện, content provider và intent filter; cách thức xây dựng ứng dụng quản lý thông tin sinh viên trong Android. 
653 |a Công nghệ thông tin 
700 1 |a Nguyễn Thọ Thông 
942 |2 ddc  |c BK 
952 |0 0  |1 0  |2 ddc  |4 0  |6 005_258000000000000_S464  |7 0  |9 21687  |a 000001  |b 000001  |d 2021-11-22  |o 005.258 S464  |p MD.19062  |r 2021-11-22  |v 73000.00  |w 2021-11-22  |y BK 
952 |0 0  |1 0  |2 ddc  |4 0  |6 005_258000000000000_S464  |7 0  |9 21688  |a 000001  |b 000001  |d 2021-11-22  |o 005.258 S464  |p MD.19063  |r 2021-11-22  |v 73000.00  |w 2021-11-22  |y BK 
980 |a Thư viện Trường Đại học Nam Cần Thơ